Felizes para sempre: (Record no. 106)

MARC details
000 -LÍDER
campo de controle de tamanho fixo 01719nam a2200337 4500
001 - NÚMERO DE CONTROLE
campo de controle 106
003 - IDENTIFICADOR DO NÚMERO DE CONTROLE
campo de controle OSt
005 - DATA E HORÁRIO DA ÚLTIMA TRANSAÇÃO
campo de controle 20250327120738.0
008 - CAMPO DE DADOS FIXOS--INFORMAÇÃO GERAL
campo de controle de tamanho fixo 250127b |||||||g |||| 00| j eng d
020 ## - ISBN - INTERNATIONAL STANDARD BOOK NUMBER
ISBN - International Standard Book Number 9788565765985
040 ## - FONTE DA CATALOGAÇÃO
Idioma da catalogação por
041 ## - CÓDIGO DE IDIOMA
Código do idioma do original e/ou traduções intermediárias do texto eng
Código do idioma do texto/trilha sonora ou título diferente por
082 ## - CDD - CLASSIFICAÇÃO DECIMAL DE DEWEY
Número de Classificação 028.5
Número do exemplar C343f
100 ## - ENTRADA PRINCIPAL--NOME PESSOAL
Nome pessoal Cass, kiera
Datas associadas ao nome 1981-
9 (RLIN) 233
240 ## - TÍTULO UNIFORME
Título uniforme Happily Ever After
245 ## - TÍTULO
Título Felizes para sempre:
Restante do título Antologia de contos da Seleção /
Indicação de responsabilidade, etc. Cass, Kiera ; Tradução de Cristian Clemente e Ilustração de Sandra Suy
260 ## - PUBLICAÇÃO, DISTRIBUIÇÃO, ETC.
Local de publicação, distribuição, etc. São Paulo
Nome do editor, distribuidor, etc. Seguinte
Data da publicação, distribuição, etc. 2016
300 ## - DESCRIÇÃO FÍSICA
Extensão 343 p.
Outros detalhes físicos il.
490 1# - TÍTULO DA SÉRIE
Título da série Seleção
520 ## - NOTA DE RESUMO, ETC.
Resumo, etc. Esta coletânea traz os contos A rainha, O príncipe, O guarda e A favorita ilustrados e com introduções de Kiera Cass. Conheça o príncipe Maxon antes de ele se apaixonar por America, e a rainha Amberly antes de ser escolhida por Clarkson. Veja a Seleção através dos olhos de um guarda que perdeu seu primeiro amor e de uma Selecionada que se apaixonou pelo garoto errado.<br/>Você encontrará, ainda, cenas inéditas da série narradas pelos pontos de vista de Celeste e Lucy, um texto contando o que aconteceu com as outras Selecionadas depois do fim da competição e um trecho exclusivo de A sereia, o novo romance de Kiera Cass. Este é um livro essencial para os fãs de A Seleção, que poderão mergulhar mais nesse universo tão apaixonante.<br/>
650 #0 - ASSUNTO--TERMO TÓPICO
Cabeçalho tópico ou nome geográfico Literatura Americana
9 (RLIN) 84
650 #0 - ASSUNTO--TERMO TÓPICO
Cabeçalho tópico ou nome geográfico Amor e Paixão
9 (RLIN) 25
650 #0 - ASSUNTO--TERMO TÓPICO
Cabeçalho tópico ou nome geográfico Drama
9 (RLIN) 18
650 #0 - ASSUNTO--TERMO TÓPICO
Cabeçalho tópico ou nome geográfico Historias curtas
9 (RLIN) 67
650 #0 - ASSUNTO--TERMO TÓPICO
Cabeçalho tópico ou nome geográfico Infantojuvenil
9 (RLIN) 200
655 #0 - TERMO DE ÍNDICE--GÊNERO E FORMA
Gênero/forma/ou termo foco Conto
700 ## - ENTRADA ADICIONADA - NOME PESSOAL
Nome pessoal Cristian Clemente
Função do autor por extenso Tradutor
9 (RLIN) 235
700 ## - ENTRADA ADICIONADA - NOME PESSOAL
Nome pessoal Sandra Suy
Função do autor por extenso Ilustração
9 (RLIN) 236
830 ## - ENTRADA SECUNDÁRIA DE SÉRIE--TÍTULO UNIFORME
Título uniforme Seleção
9 (RLIN) 237
942 ## - ELEMENTOS DE ENTRADA ADICIONADOS (KOHA)
Fonte de classificação ou esquema de arquivamento Classificação decimal de Dewey
Ocultar no OPAC Não
Tipo de material Koha Livros
Holdings
Situação do descarte Situação das perdas Fonte de classificação ou esquema de arquivamento Status danificado Não pode ser emprestado Coleção Biblioteca de origem Biblioteca atual Localização na estante Data de aquisição Fonte de aquisição Total de empréstimos Número de chamada completo Código de barras Data de último acesso Data do preço efetivo Tipo de material Koha
    Classificação decimal de Dewey     Ficção Biblioteca Professor Eduardo Afonso de Castro Biblioteca Professor Eduardo Afonso de Castro Literatura Estrangeira 17.04.2019 doação   IJ 028.5 / C343f 2025-16327 27.01.2025 27.01.2025 Livros

Powered by Koha